The Oxford anthology of the modern Indian city : (Record no. 87939)
[ view plain ]
| 000 -LEADER | |
|---|---|
| fixed length control field | 01205nam a22002417a 4500 |
| 005 - DATE AND TIME OF LATEST TRANSACTION | |
| control field | 20140825143624.0 |
| 010 ## - LCCN (DPL NO) | |
| LC control number | B-534968-969 |
| 020 ## - INTERNATIONAL STANDARD BOOK NUMBER | |
| International Standard Book Number | 9780198091806 |
| Terms of availability | 950.00 |
| 020 ## - INTERNATIONAL STANDARD BOOK NUMBER | |
| International Standard Book Number | 019809180X |
| Terms of availability | 950.00 |
| 035 ## - SYSTEM CONTROL NUMBER | |
| System control number | EN- 534968-969 |
| 037 ## - SOURCE OF ACQUISITION | |
| Source of stock number/acquisition | BSB/Ven |
| 082 ## - DEWEY DECIMAL CLASSIFICATION NUMBER | |
| Classification number | 307.760954 |
| 245 ## - TITLE STATEMENT | |
| Title | The Oxford anthology of the modern Indian city : |
| Statement of responsibility, etc | edited, compiled, and introduced by Vinay Lal |
| Remainder of title | the city in its plenitude / |
| 246 ## - VARYING FORM OF TITLE | |
| Title proper/short title | Anthology of the modern Indian city |
| 260 ## - PUBLICATION, DISTRIBUTION, ETC. (IMPRINT) | |
| Place of publication, distribution, etc | New Delhi |
| Name of publisher, distributor, etc | Oxford University Press |
| Date of publication, distribution, etc | 2013 |
| 270 ## - ADDRESS | |
| Address | YMCA Library Builbing, 1 Jai Singh Road |
| City | New Delhi |
| Postal code | 110001 |
| 300 ## - PHYSICAL DESCRIPTION | |
| Extent | 382p. |
| Dimensions | 24cm(Hb) |
| Other physical details | ill. |
| 505 ## - FORMATTED CONTENTS NOTE | |
| Formatted contents note | V.1-The city in its plenitude ; V.2-making and unmaking the city politics, culture, and life forms |
| 520 ## - SUMMARY, ETC. | |
| Summary, etc | The first anthology of the city in India since around 1800, with an accent on the twentieth century, this two-volume collection draws on fiction, poetry, essays, travel narratives, and scholarly studies in history, anthropology, and cultural studies |
| 700 ## - ADDED ENTRY--PERSONAL NAME | |
| Personal name | Vinay Lal |
| 942 ## - ADDED ENTRY ELEMENTS (KOHA) | |
| Source of classification or shelving scheme | Dewey Decimal Classification |
| Item type | English Books |
| Call number suffix | OXF |
| Classification part | 307.760954 |
| Withdrawn status | Lost status | Not for loan | Collection code | Home library | Current library | Date acquired | Source of acquisition | Cost, normal purchase price | Full call number | Barcode | Copy number | Cost, replacement price | Koha item type |
|---|---|---|---|---|---|---|---|---|---|---|---|---|---|
| Non-fiction | Karol Bagh | Karol Bagh | 25/08/2014 | BSB/IN606/27.03.2014/143/25.03.2014/29.03.2014 | 950.00 | 307.760954 OXF | B-534969 | 1 | 950.00 | English Books | |||
| Non-fiction | Patel Nagar | Patel Nagar | 25/08/2014 | BSB/IN606/27.03.2014/143/25.03.2014/29.03.2014 | 950.00 | 307.760954 OXF | B-534968 | 1 | 950.00 | English Books |
